MCU Film by secondary Hero - Statistics

General Stats
  • This quiz has been taken 385 times
  • The average score is 10 of 15
Answer Stats
Secondary Hero Movie % Correct
Hope Van Dyne/ Wasp Ant-Man
94%
James Rhodes/ Iron Patriot Iron Man 3
93%
Sam Wilson/ Falcon Captain America: The Winter Soldier
90%
Lady Sif Thor
86%
Karl Mordo Doctor Strange
77%
Loki Thor: The Dark World
71%
Wanda Maximoff/ Scarlet Witch Avengers: Age of Ultron
70%
James Buchanan Barnes Captain America: The First Avenger
68%
Howard the Duck Guardians of the Galaxy
67%
Natasha Romonoff/ Black Widow Iron Man 2
66%
T'Challa/ Black Panther Captain America: Civil War
64%
General Thunderbolt Ross The Incredible Hulk
57%
Bruce Banner/ The Hulk Thor: Ragnarok
52%
Agent Phil Coulson Iron Man
49%
Clinton Barton/ Hawkeye The Avengers
37%
No matching quizzes found
Score Distribution
Percent of People with Each Score
Percentile by Number Answered
Your Score History
You have not taken this quiz